Países que fazem fronteira com a ALEMANHA - Statistics

Estatísticas Gerais
  • Esse quiz foi jogado 464 vezes
  • A pontuação média é 8 de 9
Estatísticas das Respostas
País % Correto
ÁUSTRIA
95%
FRANÇA
95%
POLÔNIA
94%
SUÍÇA
93%
BÉLGICA
92%
HOLANDA
89%
DINAMARCA
87%
LUXEMBURGO
86%
REPÚBLICA TCHECA
76%
Nenhum quiz correspondente encontrado
Distribuição das Pontuações
Porcentagem de Pessoas com Cada Pontuação
Percentil de Números Respondidos
Sua Pontuação Histórica
Você não jogou esse quiz